Who is in Swami's Heart New Bliss/ (Record no. 191692)
[ view plain ]
| 000 -LEADER | |
|---|---|
| fixed length control field | 00600nam a22001817a 4500 |
| 005 - DATE AND TIME OF LATEST TRANSACTION | |
| control field | 20220831163201.0 |
| 010 ## - LCCN (DPL NO) | |
| LC control number | ENG-134840 |
| 020 ## - INTERNATIONAL STANDARD BOOK NUMBER | |
| International Standard Book Number | 9789381008621 |
| Terms of availability | 200.00 |
| 035 ## - SYSTEM CONTROL NUMBER | |
| System control number | EN-118372 |
| 037 ## - SOURCE OF ACQUISITION | |
| Source of stock number/acquisition | DBAD/PUB |
| 082 ## - DEWEY DECIMAL CLASSIFICATION NUMBER | |
| Classification number | 158.1 |
| 100 ## - MAIN ENTRY--PERSONAL NAME | |
| Personal name | Sai, Vasantha |
| 245 ## - TITLE STATEMENT | |
| Title | Who is in Swami's Heart New Bliss/ |
| Statement of responsibility, etc | Vasantha Sai |
| 260 ## - PUBLICATION, DISTRIBUTION, ETC. (IMPRINT) | |
| Place of publication, distribution, etc | Tamil Nadu |
| Name of publisher, distributor, etc | Mukthi Nilayam |
| Date of publication, distribution, etc | 2011 |
| 270 ## - ADDRESS | |
| Address | Royapalayam Village B.O. Tirumangalam S.O. Madurai-Virudhunagar Road, Madurai Dt |
| City | Tamil Nadu |
| Postal code | 625706 |
| Electronic mail address | mukthinilayam@gmail.com |
| 300 ## - PHYSICAL DESCRIPTION | |
| Extent | 195p. |
| Dimensions | 21cm(pbk) |
| 942 ## - ADDED ENTRY ELEMENTS (KOHA) | |
| Source of classification or shelving scheme | Dewey Decimal Classification |
| Item type | English Books |
| Classification part | 158.1 |
| Call number suffix | SAI |
No items available.
